President By Quotes - Statistics

General Stats
  • This quiz has been taken 28 times
  • The average score is 6 of 9
Answer Stats
Hint Answer % Correct
Four score and seven years ago Abraham Lincoln
95%
December 7th 194,1 a date which will live in infamy Franklin D. Roosevelt
95%
Ask not what your country can do for you, ask what you can do for your country John F. Kennedy
95%
Mr. Gorbachev tear down this wall! Ronald Reagan
91%
Read my lips: No new taxes George H.W Bush
82%
I had rather be on my farm than be emperor of the world George Washington
68%
In all the decisions I have made in my public life I have always tried to do what is best for the nation Richard Nixon
41%
What is right and what is practicable are two different things James Buchanan
23%
it is easier to do a job right than to explain why you didn't Martin Van Buren
23%
No matching quizzes found
Score Distribution
Percent of People with Each Score
Percentile by Number Answered
Your Score History
You have not taken this quiz